000 00339nam a2200133 i 4500
001 bg
245 0 _aHeizung im Sozialen Wohrzungsbau :
_bInvestitionskosten - Betriebskosten.
250 _a2 verbesserte Auflage.
260 _aWien,
_c1970.
040 _cBPK
041 _apol
942 _cKS
008 s pl f |000 0 pol
999 _c14691
_d14691
856 _uhttp://koha.tu.koszalin.pl/cgi-bin/koha/opac-detail.pl?biblionumber=14691
_yKatalog online BPK